[Event "XI Paracin Festival 2018"]
[Site "Paracin"]
[Date "2018.07.10"]
[Round "6"]
[White "Martic, Ivan"]
[Black "Parnali, S Dharia"]
[Result "1/2-1/2"]
[WhiteElo "2375"]
[BlackElo "2170"]
[Annotator "NA"]
[PlyCount "46"]
[EventDate "2018.07.06"]
[EventType "swiss"]
[EventCountry "SRB"]
[SourceTitle "playchess.com"]
[Source "ChessBase"]
[SourceQuality "1"]
[TimeControl "5400+30"]

1. e4 {[%emt 0:00:00]} e5 {[%emt 0:00:00]} 2. Nf3 {[%emt 0:00:00]} Nc6 {[%emt 0:00:00]} 3. d3 {[%emt 0:00:19]} Bc5 {[%emt 0:01:57]} 4. c3 {[%emt 0:00:13]} Nf6 {[%emt 0:00:20]} 5. Be2 {[%emt 0:00:55]} d5 {[%emt 0:00:42]} 6. Nbd2 {[%emt 0:00:29]} Be6 {[%emt 0:01:19]} 7. b4 {[%emt 0:01:22]} Bd6 {[%emt 0:00:19]} 8. O-O {[%emt 0:01:15]} O-O {[%emt 0:00:24]} 9. a3 {[%emt 0:02:25]} Ne7 {[%emt 0:02:31]} 10. exd5 {[%emt 0:10:20]} Bxd5 {[%emt 0:05:39]} 11. c4 {[%emt 0:06:15]} Bxf3 {[%emt 0:00:06]} 12. Bxf3 {[%emt 0:00:20]} c6 {[%emt 0:00:05]} 13. Bb2 {[%emt 0:01:43]} Nf5 {[%emt 0:00:59]} 14. g3 {[%emt 0:03:17]} Bc7 {[%emt 0:01:54]} 15. Nb3 {[%emt 0:01:27]} Re8 {[%emt 0:11:34]} 16. Re1 {[%emt 0:01:35]} Qd6 {[%emt 0:03:08]} 17. Qc2 {[%emt 0:02:25]} h5 {[%emt 0:04:43]} 18. Rad1 {[%emt 0:03:15]} h4 {[%emt 0:01:23]} 19. c5 {[%emt 0:14:02]} Qd7 {[%emt 0:00:46]} 20. Qc4 {[%emt 0:01:19]} Rad8 {[%emt 0:10:14]} 21. a4 {[%emt 0:01:56]} a6 {[%emt 0:00:55]} 22. Bg2 {[%emt 0:17:48]} hxg3 {[%emt 0:01:36]} 23. hxg3 {[%emt 0:00:11]} Nd5 {[%emt 0:04:02]} 1/2-1/2

[Event "XI Paracin Festival 2018"]
[Site "Paracin"]
[Date "2018.07.10"]
[Round "6"]
[White "Harvey, Marcus R"]
[Black "Milanovic, Danilo"]
[Result "1-0"]
[WhiteElo "2362"]
[BlackElo "2471"]
[Annotator "TA"]
[PlyCount "153"]
[EventDate "2018.07.06"]
[EventType "swiss"]
[EventCountry "SRB"]
[SourceTitle "playchess.com"]
[Source "ChessBase"]
[SourceQuality "1"]

{[%evp 27,153,-8,-10,-20,-17,-28,-11,-16,0,-22,0,-7,-6,-16,-11,-33,-29,-41,-28,-34,-31,-59,-41,-42,-18,-17,-12,-10,-8,-76,-38,-43,0,0,0,0,0,-48,-21,-27,-26,-13,-37,-27,37,37,37,37,37,40,104,38,35,12,60,0,207,207,213,191,420,426,420,418,408,394,395,336,365,324,460,466,487,429,539,533,487,485,447,438,452,319,319,319,306,292,269,269,335,342,376,268,342,344,574,659,639,623,1154,1314,1262,344,344,207,1052,1007,1210,1091,5652,6180,29972,29973,29972,29974,29973,29974,29974,29975,29975,1303,29977,29978,29980,29981,29988,29989,29989,29986]} 1. Nf3 d5 2. b3 Bf5 3. Bb2 e6 4. c4 c6 5. d3 h6 6. g3 Nf6 7. Bg2 Be7 8. O-O O-O 9. Nbd2 Nbd7 10. Rc1 Bh7 11. Rc2 a5 12. a3 Bd6 13. Qa1 {A12: English Opening: 1...c6 with b3 by White} Qe7 14. cxd5 exd5 {LiveBook: 7 Games} 15. e4 {The position is equal.} dxe4 16. Nxe4 Rfe8 17. Re2 Qf8 {[%cal Rf6e4]} 18. Nfd2 $146 {[%cal Rb2f6]} ({Predecessor:} 18. Rfe1 Nxe4 19. dxe4 Nc5 20. e5 Be7 {0-1 (47) Diaz Hollemaert,N (2430)-Vescovi,G (2606) Sao Paulo 2014}) 18... Nd5 19. Nc4 Bc7 20. Rfe1 Bf5 21. h3 Bg6 22. f4 Rad8 23. Bd4 f6 {[%cal Bf7f6,Bf6f5][%mdl 32]} 24. Bf3 Kh8 25. h4 f5 26. Nf2 Rxe2 27. Rxe2 Bf7 28. Re1 (28. Qe1 $11 {keeps the balance.}) 28... Kh7 (28... b5 $5 {[%cal Rb5c4]} 29. Ne5 Nxe5 30. Bxe5 Bd6 $11) 29. Bg2 Nc5 30. Qb2 b5 31. Ne5 Be8 32. Kh1 (32. Qc2 {keeps more tension.} Bb6 33. Kf1 Qd6 34. Bh3 Ne7 35. Be3) 32... a4 33. Bxc5 $1 Qxc5 34. b4 Qd6 35. d4 Ne7 ({Black should try} 35... Bb6 $1 $11) 36. Nfd3 $14 {[%cal Bf2d3,Bd3c5,Bc5b7][%mdl 32]} Nd5 37. Nc5 {Hoping for Nb7.} Qf6 $1 38. Qc1 Bb6 ({Better is} 38... Ne7 $1 $14) 39. Nf3 (39. Nb7 $1 $16 {[%cal Rb7d8]} Rb8 40. Bxd5 cxd5 41. Nc5) 39... Bf7 40. Qc2 Bc7 41. Ne5 (41. Bh3 $14) 41... Be8 $2 (41... Nxf4 $1 $11 42. Ncd7 Qe6 43. Bxc6 (43. gxf4 Rxd7 44. Qxc6 Qe7 $17) 43... Ng6) 42. Nb7 $1 $18 {[%cal Rb7d8]} Rb8 43. Bxd5 $1 Rxb7 $2 (43... Bxe5 44. Rxe5 (44. dxe5 Qg6 $16) 44... cxd5) 44. Bxc6 Bxc6+ 45. Qxc6 Qxc6+ 46. Nxc6 {[%mdl 4096] Endgame KRB-KRN} Bd6 47. Kg2 Rd7 48. Kf3 Kg8 (48... g6 $142 49. d5 Bf8) 49. h5 Kf8 50. Re6 Kf7 51. d5 Bc7 52. Ne5+ Bxe5 53. Rxe5 {KR-KR} Rc7 54. Rxf5+ Ke7 55. d6+ Kxd6 {intending ...Rc3+.} 56. Rxb5 Rc3+ {[#]} 57. Kg4 $1 Ke6 58. Rc5 Rxa3 59. Rc6+ Kf7 60. Ra6 Ke7 $2 (60... Kf8 61. Kf5 Rxg3 62. Rxa4 Rb3 63. Ra8+ Ke7 64. Ra7+ Kf8) 61. Kf5 Rxg3 62. Rxa4 Kf7 63. Ra7+ Kg8 64. Rc7 $2 (64. b5 Rb3 65. Rb7) 64... Rb3 65. Rb7 Rb1 $2 (65... Rd3 66. b5 Rd5+ 67. Kg4 Kf8) 66. b5 {[%cal Bb4b5,Bb5b6][%mdl 32]} Kh7 67. b6 Rh1 68. Ke6 Rxh5 69. f5 {[%cal Bf4f5,Bf5f6][%mdl 32]} Rh1 70. f6 Re1+ 71. Kd6 Rd1+ 72. Ke7 gxf6 73. Kxf6+ (73. Rd7 $142 Rb1 74. Kxf6+ Kg8 75. b7 Rb6+ 76. Kf5 Rb5+ 77. Kg6 Rb6+ 78. Kh5) 73... Kh8 {[#]} 74. Re7 $1 {White mates.} Rd6+ 75. Re6 Rd8 76. b7 Rf8+ 77. Ke7 {Precision: White = 61%, Black = 39%.} 1-0

[Event "XI Paracin Festival 2018"]
[Site "Paracin"]
[Date "2018.07.10"]
[Round "6"]
[White "Nestorovic, Dejan"]
[Black "Radovanovic, Nikola"]
[Result "1/2-1/2"]
[WhiteElo "2341"]
[BlackElo "2425"]
[Annotator "NA"]
[PlyCount "44"]
[EventDate "2018.07.06"]
[EventType "swiss"]
[EventCountry "SRB"]
[SourceTitle "playchess.com"]
[Source "ChessBase"]
[SourceQuality "1"]
[TimeControl "5400+30"]

1. d4 {[%emt 0:00:00]} Nf6 {[%emt 0:01:19]} 2. c4 {[%emt 0:00:00]} g6 {[%emt 0:00:07]} 3. Nc3 {[%emt 0:00:00]} Bg7 {[%emt 0:00:06]} 4. Nf3 {[%emt 0:00:09]} O-O {[%emt 0:00:20]} 5. Bg5 {[%emt 0:00:09]} c5 {[%emt 0:01:02]} 6. d5 {[%emt 0:00:11]} h6 {[%emt 0:00:31]} 7. Bf4 {[%emt 0:00:42]} d6 {[%emt 0:00:08]} 8. Qc1 {[%emt 0:01:18]} g5 {[%emt 0:05:54]} 9. Bd2 {[%emt 0:00:30]} Nh7 {[%emt 0:19:30]} 10. h4 {[%emt 0:14:31]} g4 {[%emt 0:01:19]} 11. Ng1 {[%emt 0:00:08]} h5 {[%emt 0:02:05]} 12. e4 {[%emt 0:00:09]} e6 {[%emt 0:18:21]} 13. Bd3 {[%emt 0:17:31]} Nd7 {[%emt 0:09:00]} 14. Qc2 {[%emt 0:07:12]} Ne5 {[%emt 0:00:57]} 15. O-O-O {[%emt 0:02:46]} Nxd3+ {[%emt 0:05:47]} 16. Qxd3 {[%emt 0:00:03]} e5 {[%emt 0:00:14]} 17. Nge2 {[%emt 0:02:14]} f5 {[%emt 0:01:33]} 18. f3 {[%emt 0:04:13]} f4 {[%emt 0:01:50]} 19. fxg4 {[%emt 0:16:36]} Bxg4 {[%emt 0:04:16]} 20. Rdf1 {[%emt 0:01:28]} Qd7 {[%emt 0:02:53]} 21. Kb1 {[%emt 0:01:31]} a6 {[%emt 0:00:57]} 22. Ng1 {[%emt 0:08:28]} Rab8 {[%emt 0:04:39]} 1/2-1/2

[Event "XI Paracin Festival 2018"]
[Site "Paracin"]
[Date "2018.07.10"]
[Round "6"]
[White "Kulkarni, Chinmay"]
[Black "Kosic, Dragan"]
[Result "0-1"]
[WhiteElo "2336"]
[BlackElo "2463"]
[Annotator "ChessBase"]
[PlyCount "66"]
[EventDate "2018.07.06"]
[EventType "swiss"]
[EventCountry "SRB"]
[SourceTitle "playchess.com"]
[Source "ChessBase"]
[SourceQuality "1"]
[TimeControl "5400+30"]

1. e4 {[%emt 0:02:15]} e6 {[%emt 0:01:26]} 2. d4 {[%emt 0:00:12]} d5 {[%emt 0:00:06]} 3. Nc3 {[%emt 0:00:11]} Nf6 {[%emt 0:00:08]} 4. e5 {[%emt 0:00:13]} Nfd7 {[%emt 0:00:06]} 5. Nce2 {[%emt 0:00:16]} c5 {[%emt 0:00:22]} 6. c3 {[%emt 0:00:12]} Nc6 {[%emt 0:00:07]} 7. Nf3 {[%emt 0:00:10]} Qb6 {[%emt 0:05:14]} 8. a3 {[%emt 0:00:14]} f6 {[%emt 0:00:43]} 9. Nf4 {[%emt 0:01:33]} fxe5 {[%emt 0:01:41]} 10. Nxe6 {[%emt 0:03:36]} cxd4 {[%emt 0:01:48]} 11. cxd4 {[%emt 0:03:39]} Nf6 {[%emt 0:07:23]} 12. Nxf8 {[%emt 0:15:13]} Rxf8 {[%emt 0:00:09]} 13. dxe5 {[%emt 0:03:37]} Ng4 {[%emt 0:02:21]} 14. Qe2 {[%emt 0:01:39]} Rf5 {[%emt 0:00:51]} 15. b4 {[%emt 0:15:43]} Be6 {[%emt 0:07:34]} 16. Bb2 {[%emt 0:04:50]} Rf4 {[%emt 0:00:18]} 17. O-O-O {[%emt 0:07:44]} Nxf2 {[%emt 0:06:09]} 18. Ng5 {[%emt 0:02:39]} Rc4+ {[%emt 0:06:44]} 19. Kb1 {[%emt 0:00:22]} Bf5+ {[%emt 0:13:31]} 20. Ka1 {[%emt 0:02:45]} Rg4 {[%emt 0:12:49]} 21. h4 {[%emt 0:05:57]} Nxh1 {[%emt 0:00:47]} 22. Qf3 {[%emt 0:00:04]} Ne7 {[%emt 0:03:51]} 23. e6 {[%emt 0:02:19]} Ng3 {[%emt 0:07:43]} 24. Bd3 {[%emt 0:04:58]} Ne4 {[%emt 0:03:25]} 25. Nf7 {[%emt 0:05:47]} Qxe6 {[%emt 0:01:09]} 26. Ne5 {[%emt 0:00:02]} Rg3 {[%emt 0:01:16]} 27. Bb5+ {[%emt 0:02:27]} Kf8 {[%emt 0:01:38]} 28. Qh5 {[%emt 0:01:29]} Nf6 {[%emt 0:02:14]} 29. Qe2 {[%emt 0:01:00]} a6 {[%emt 0:02:01]} 30. Ba4 {[%emt 0:01:54]} b5 {[%emt 0:00:59]} 31. Bc2 {[%emt 0:00:20]} Bxc2 {[%emt 0:02:05]} 32. Qxc2 {[%emt 0:00:15]} Rc8 {[%emt 0:00:20]} 33. Qe2 {[%emt 0:00:12]} Kg8 0-1

[Event "XI Paracin Festival 2018"]
[Site "Paracin"]
[Date "2018.07.10"]
[Round "6"]
[White "Budisavljevic, Luka"]
[Black "Peycheva, Gergana"]
[Result "1/2-1/2"]
[WhiteElo "2324"]
[BlackElo "2157"]
[Annotator "NA"]
[PlyCount "90"]
[EventDate "2018.07.06"]
[EventType "swiss"]
[EventCountry "SRB"]
[SourceTitle "playchess.com"]
[Source "ChessBase"]
[SourceQuality "1"]
[TimeControl "5400+30"]

1. d4 {[%emt 0:00:00]} Nf6 {[%emt 0:00:00]} 2. Nf3 {[%emt 0:00:00]} e6 {[%emt 0:00:13]} 3. e3 {[%emt 0:00:04]} d5 {[%emt 0:00:35]} 4. Bd3 {[%emt 0:00:08]} c5 {[%emt 0:00:43]} 5. b3 {[%emt 0:00:09]} Nc6 {[%emt 0:00:51]} 6. O-O {[%emt 0:00:07]} b6 {[%emt 0:01:26]} 7. Bb2 {[%emt 0:02:04]} Bb7 {[%emt 0:01:00]} 8. Nbd2 {[%emt 0:01:39]} Bd6 {[%emt 0:01:30]} 9. a3 {[%emt 0:01:00]} O-O {[%emt 0:02:19]} 10. Ne5 {[%emt 0:01:49]} Rc8 {[%emt 0:02:23]} 11. f4 {[%emt 0:01:33]} Ne7 {[%emt 0:04:03]} 12. Rc1 {[%emt 0:03:44]} Ne4 {[%emt 0:02:56]} 13. Bxe4 {[%emt 0:14:55]} dxe4 {[%emt 0:00:11]} 14. Ndc4 {[%emt 0:00:08]} Nf5 {[%emt 0:07:56]} 15. Re1 {[%emt 0:19:57]} f6 {[%emt 0:06:40]} 16. dxc5 {[%emt 0:13:49]} Rxc5 {[%emt 0:06:04]} 17. Nxd6 {[%emt 0:02:06]} Nxd6 {[%emt 0:01:02]} 18. Ng4 {[%emt 0:00:44]} Rd5 {[%emt 0:05:41]} 19. Qe2 {[%emt 0:00:26]} Nf5 {[%emt 0:00:35]} 20. Red1 {[%emt 0:03:20]} Rf7 {[%emt 0:06:06]} 21. c4 {[%emt 0:07:18]} Ba6 {[%emt 0:05:17]} 22. Qe1 {[%emt 0:04:36]} Rdd7 {[%emt 0:04:38]} 23. Nf2 {[%emt 0:01:29]} Bb7 {[%emt 0:01:42]} 24. a4 {[%emt 0:01:28]} Bc6 {[%emt 0:07:02]} 25. Ba3 {[%emt 0:01:38]} e5 {[%emt 0:03:50]} 26. fxe5 {[%emt 0:01:31]} fxe5 {[%emt 0:00:04]} 27. Rxd7 {[%emt 0:06:58]} Rxd7 {[%emt 0:02:01]} 28. Rd1 {[%emt 0:00:39]} Rxd1 {[%emt 0:05:29]} 29. Qxd1 {[%emt 0:00:13]} Qg5 {[%emt 0:00:18]} 30. Ng4 {[%emt 0:07:19]} h5 {[%emt 0:04:41]} 31. Nxe5 {[%emt 0:01:13]} Nh4 {[%emt 0:01:56]} 32. g3 {[%emt 0:01:31]} Nf3+ {[%emt 0:02:07]} 33. Nxf3 {[%emt 0:00:10]} Qxe3+ {[%emt 0:00:15]} 34. Kf1 {[%emt 0:01:03]} exf3 {[%emt 0:01:08]} 35. Qe1 {[%emt 0:00:57]} Qd3+ {[%emt 0:00:09]} 36. Kg1 {[%emt 0:00:14]} Qd4+ {[%emt 0:02:49]} 37. Kf1 {[%emt 0:00:10]} Bd7 {[%emt 0:04:27]} 38. g4 {[%emt 0:01:42]} Bxg4 {[%emt 0:00:47]} 39. Qe8+ {[%emt 0:01:03]} Kh7 {[%emt 0:00:01]} 40. Qf7 {[%emt 0:00:32]} Qa1+ {[%emt 0:01:24]} 41. Kf2 {[%emt 0:00:02]} Qxa3 {[%emt 0:00:32]} 42. h3 {[%emt 0:00:45]} Qb2+ {[%emt 0:00:44]} 43. Kg3 {[%emt 0:00:26]} Qe5+ {[%emt 0:00:05]} 44. Kf2 {[%emt 0:00:45]} h4 {[%emt 0:00:47]} 45. Kg1 {[%emt 0:00:35]} Qe7 1/2-1/2

[Event "XI Paracin Festival 2018"]
[Site "Paracin"]
[Date "2018.07.10"]
[Round "6"]
[White "Konaplev, Anton"]
[Black "Eswaran, Ashritha"]
[Result "1/2-1/2"]
[WhiteElo "2316"]
[BlackElo "2092"]
[Annotator "NA"]
[PlyCount "53"]
[EventDate "2018.07.06"]
[EventType "swiss"]
[EventCountry "SRB"]
[SourceTitle "playchess.com"]
[Source "ChessBase"]
[SourceQuality "1"]
[TimeControl "5400+30"]

1. d4 {[%emt 0:00:00]} Nf6 {[%emt 0:00:00]} 2. c4 {[%emt 0:00:00]} e6 {[%emt 0:00:00]} 3. Nc3 {[%emt 0:00:00]} Bb4 {[%emt 0:00:06]} 4. e3 {[%emt 0:00:06]} O-O {[%emt 0:00:46]} 5. Nge2 {[%emt 0:00:29]} Re8 {[%emt 0:01:36]} 6. a3 {[%emt 0:00:19]} Bf8 {[%emt 0:00:09]} 7. Ng3 {[%emt 0:00:38]} d5 {[%emt 0:01:52]} 8. Be2 {[%emt 0:01:40]} b6 {[%emt 0:04:19]} 9. O-O {[%emt 0:00:44]} Bb7 {[%emt 0:01:53]} 10. b4 {[%emt 0:00:23]} c6 {[%emt 0:02:08]} 11. Qc2 {[%emt 0:09:44]} Nbd7 {[%emt 0:06:47]} 12. Rd1 {[%emt 0:06:49]} Qc7 {[%emt 0:07:00]} 13. e4 {[%emt 0:05:03]} e5 {[%emt 0:10:04]} 14. Be3 {[%emt 0:08:20]} exd4 {[%emt 0:09:29]} 15. Bxd4 {[%emt 0:02:01]} dxe4 {[%emt 0:02:00]} 16. Bxf6 {[%emt 0:10:28]} Nxf6 {[%emt 0:00:24]} 17. Ncxe4 {[%emt 0:01:23]} Nxe4 {[%emt 0:10:04]} 18. Nxe4 {[%emt 0:00:22]} Qf4 {[%emt 0:00:45]} 19. Bf3 {[%emt 0:07:10]} c5 {[%emt 0:07:50]} 20. Ng5 {[%emt 0:03:39]} Qxg5 {[%emt 0:00:26]} 21. Bxb7 {[%emt 0:00:12]} Rad8 {[%emt 0:01:07]} 22. Bd5 {[%emt 0:07:05]} Bd6 {[%emt 0:04:54]} 23. Qd3 {[%emt 0:05:46]} Be5 {[%emt 0:03:51]} 24. Ra2 {[%emt 0:04:11]} Bd4 {[%emt 0:00:58]} 25. Re2 {[%emt 0:04:06]} Re7 {[%emt 0:02:20]} 26. Qf3 {[%emt 0:02:28]} Qf6 {[%emt 0:05:22]} 27. Qxf6 {[%emt 0:15:24]} 1/2-1/2

[Event "XI Paracin Festival 2018"]
[Site "Paracin"]
[Date "2018.07.10"]
[Round "6"]
[White "Avalyan, Artur"]
[Black "Yilmazyerli, Mert"]
[Result "1/2-1/2"]
[WhiteElo "2315"]
[BlackElo "2491"]
[Annotator "TA"]
[PlyCount "52"]
[EventDate "2018.07.06"]
[EventType "swiss"]
[EventCountry "SRB"]
[SourceTitle "playchess.com"]
[Source "ChessBase"]
[SourceQuality "1"]

{[%evp 27,52,32,43,0,2,0,0,-29,-37,-47,-38,-41,-26,-62,43,-36,46,3,60,-16,-16,-16,-22,-50,-45,-47,0]} 1. d4 Nf6 2. c4 g6 3. Nc3 Bg7 4. e4 d6 5. Be2 O-O 6. Be3 Na6 7. Nf3 e5 8. d5 Ng4 9. Bg5 f6 10. Bh4 h5 {E92: King's Indian: Classical: 6 Be2 e5: 7 dxe5, 7 Be3 and Petrosian System without 7...Nbd7} 11. Nd2 c5 12. h3 (12. a3 Qd7 13. h3 Nh6 14. Qa4 Qe7 15. b4 Nf7 16. g4 hxg4 17. hxg4 Bh6 18. Qb3 {0-1 (79) Ponomariov,R (2744)-Jobava,B (2707) Kharkov 2010}) 12... Nh6 13. g4 hxg4 14. hxg4 Nf7 $1 {LiveBook: 5 Games} 15. a3 $146 ({Predecessor:} 15. Bd3 Bh6 16. Qf3 Kg7 17. O-O-O Bd7 18. Kb1 Nc7 19. Nf1 Rh8 20. Be2 Qe7 21. Ne3 Bf4 22. Ng2 g5 23. Bg3 Rxh1 24. Rxh1 Rh8 {½-½ (24) Candela Perez,J (2355)-Diezma Aganzo,J (2241) Madrid 2018}) 15... Bh6 16. Qc2 Bd7 17. Rb1 Kg7 18. Kf1 Rh8 {[#] White must now prevent ...Bxd2.} 19. Kg2 Bf4 20. Qd3 Ng5 (20... Qb6 $15) 21. Bg3 (21. Bxg5 $1 $14 fxg5 22. Rxh8 Qxh8 23. Rh1) 21... Bxg3 (21... Qe7 $15) 22. Qxg3 Qb6 ({Black should try} 22... Qe7 $1 $11) 23. Nb5 (23. f4 $1 $14 Nf7 24. g5 fxg5 25. fxe5 dxe5 26. b3) 23... Nc7 $11 24. Nxc7 Qxc7 25. Qc3 Rxh1 26. Rxh1 Rh8 {Precision: White = 26%, Black = 27%.} 1/2-1/2

[Event "XI Paracin Festival 2018"]
[Site "Paracin"]
[Date "2018.07.10"]
[Round "6"]
[White "Savanovic, Vuk"]
[Black "Tomic, Aleksandar"]
[Result "1/2-1/2"]
[WhiteElo "2294"]
[BlackElo "2347"]
[Annotator "NA"]
[PlyCount "68"]
[EventDate "2018.07.06"]
[EventType "swiss"]
[EventCountry "SRB"]
[SourceTitle "playchess.com"]
[Source "ChessBase"]
[SourceQuality "1"]
[TimeControl "5400+30"]

1. e4 {[%emt 0:00:00]} c5 {[%emt 0:00:00]} 2. Nf3 {[%emt 0:00:00]} e6 {[%emt 0:00:07]} 3. d4 {[%emt 0:00:00]} cxd4 {[%emt 0:00:06]} 4. Nxd4 {[%emt 0:00:00]} a6 {[%emt 0:00:04]} 5. Nc3 {[%emt 0:00:03]} Qc7 {[%emt 0:00:10]} 6. Be3 {[%emt 0:00:14]} Nf6 {[%emt 0:00:28]} 7. a3 {[%emt 0:01:21]} b5 {[%emt 0:00:52]} 8. Bd3 {[%emt 0:00:41]} Bb7 {[%emt 0:01:03]} 9. O-O {[%emt 0:00:35]} d6 {[%emt 0:01:48]} 10. Qf3 {[%emt 0:02:06]} Nbd7 {[%emt 0:01:53]} 11. Qg3 {[%emt 0:05:15]} h5 {[%emt 0:02:19]} 12. f3 {[%emt 0:08:36]} Rc8 {[%emt 0:03:26]} 13. Rad1 {[%emt 0:02:49]} d5 {[%emt 0:03:24]} 14. Qxc7 {[%emt 0:03:54]} Rxc7 {[%emt 0:02:16]} 15. exd5 {[%emt 0:00:15]} Nxd5 {[%emt 0:00:28]} 16. Nxd5 {[%emt 0:00:07]} Bxd5 {[%emt 0:00:31]} 17. a4 {[%emt 0:02:39]} e5 {[%emt 0:41:55]} 18. Ne2 {[%emt 0:03:41]} bxa4 {[%emt 0:05:25]} 19. Nc3 {[%emt 0:05:58]} Bc4 {[%emt 0:02:20]} 20. Nxa4 {[%emt 0:01:15]} Bxd3 {[%emt 0:03:12]} 21. Rxd3 {[%emt 0:02:07]} Rxc2 {[%emt 0:11:04]} 22. Rfd1 {[%emt 0:00:38]} Rc7 {[%emt 0:00:13]} 23. Nb6 {[%emt 0:01:46]} Nxb6 {[%emt 0:00:53]} 24. Rd8+ {[%emt 0:03:49]} Ke7 {[%emt 0:01:20]} 25. Bxb6 {[%emt 0:00:07]} Rc6 {[%emt 0:00:22]} 26. Ba5 {[%emt 0:02:13]} Kf6 {[%emt 0:05:12]} 27. Kf1 {[%emt 0:00:40]} g6 {[%emt 0:02:35]} 28. Bc3 {[%emt 0:00:40]} Kf5 {[%emt 0:02:40]} 29. R1d7 {[%emt 0:04:01]} f6 {[%emt 0:04:21]} 30. Rf7 {[%emt 0:01:34]} Bg7 {[%emt 0:00:22]} 31. Rxh8 {[%emt 0:00:10]} Bxh8 {[%emt 0:00:02]} 32. Rh7 {[%emt 0:00:27]} Rc8 {[%emt 0:00:09]} 33. Ra7 {[%emt 0:00:08]} Rc6 {[%emt 0:00:33]} 34. Rh7 {[%emt 0:01:11]} Rc8 {[%emt 0:02:27]} 1/2-1/2

[Event "XI Paracin Festival 2018"]
[Site "Paracin"]
[Date "2018.07.10"]
[Round "6"]
[White "Yordanov, Lachezar"]
[Black "Gadimbayli, Abdulla"]
[Result "1/2-1/2"]
[WhiteElo "2290"]
[BlackElo "2420"]
[Annotator "TA"]
[PlyCount "117"]
[EventDate "2018.07.06"]
[EventType "swiss"]
[EventCountry "SRB"]
[SourceTitle "playchess.com"]
[Source "ChessBase"]
[SourceQuality "1"]

{[%evp 17,117,17,11,14,17,10,58,35,31,31,41,33,28,-73,18,17,21,16,17,25,59,0,0,4,7,-25,-32,-46,0,0,65,68,64,62,60,56,59,36,72,39,33,35,44,24,39,24,45,43,40,0,27,23,51,54,38,54,60,38,18,8,8,4,11,0,0,0,0,0,0,0,0,0,0,0,0,0,0,0,0,-8,0,0,0,0,0,0,0,-8,0,0,0,0,0,0,0,0,0,0,0,0,0,0]} 1. b3 g6 2. Bb2 Nf6 3. Nf3 Bg7 4. g3 O-O 5. Bg2 d5 6. c4 Nc6 {A05: Réti Opening: 1 Nf3 Nf6} 7. cxd5 Qxd5 (7... Nxd5 8. Bxg7 Kxg7 9. d4 Bf5 10. O-O Ndb4 11. Na3 a5 12. Qc1 Be4 13. Rd1 e6 14. Qb2 {0-1 (33) Grischuk,A (2767)-Morozevich,A (2665) Moscow 2018}) 8. O-O Qh5 9. d3 Bh3 {LiveBook: 3 Games} 10. Nbd2 Rad8 11. Rc1 e5 12. Rc4 Ng4 13. Ne4 $146 {Black must now prevent Bxh3.} ({Predecessor:} 13. Qa1) 13... Bxg2 14. Kxg2 f5 15. Neg5 {[#]} (15. h3 $1 $11 Nxf2 16. Rxf2 (16. Nxf2 e4 $11) 16... fxe4 17. Rxe4) 15... e4 (15... h6 $1 $17 {[%cal Rh6g5]} 16. Nh3 (16. Ne6 e4 $17) 16... g5) 16. Bxg7 $11 exf3+ 17. Nxf3 Kxg7 18. h3 Kg8 19. Rh1 {[#]} ({White should play} 19. b4 $14) 19... Nxf2 $1 {[%mdl 512]} 20. Kxf2 {Strongly threatening Rh4.} Qh6 $1 21. Rh4 Qg7 22. Ng5 f4 23. Rxf4 Rxf4+ (23... Qe5 $11 24. Nf3 Rxf4 25. gxf4 Qxf4) 24. gxf4 $14 Qd4+ 25. e3 Qxd3 26. Qxd3 Rxd3 {[%mdl 4096] Endgame KRN-KRN} 27. Ke2 Rd5 28. Rc1 h6 29. Ne4 Kf8 $1 30. Nc5 Nd8 $1 31. e4 Rd6 32. Ke3 Rc6 33. Kd4 b6 34. Nd3 Ne6+ 35. Ke5 Rxc1 36. Nxc1 {KN-KN} Ke7 37. Nd3 c5 38. f5 {The position is equal.} gxf5 39. Kxf5 b5 {[%cal Bb6b5,Bb5c4][%mdl 32]} 40. Ke5 c4 41. bxc4 bxc4 42. Nb4 Ng5 43. Kd4 Nxh3 44. Nc6+ Kd7 45. Ne5+ ({But not} 45. Nxa7 h5 $17) 45... Ke6 {And now ...c3! would win.} 46. Nxc4 Ng5 47. Ke3 h5 {[%cal Bh6h5,Bh5h4][%mdl 32]} 48. Kf4 h4 49. Ne3 ({Not} 49. Kxg5 $2 h3 $19) 49... h3 50. Ng4 Nf7 51. Kg3 Nd6 52. e5 Nc4 (52... Ne4+ {keeps more tension.} 53. Kxh3 Kf5 54. a3 Nc3 55. Kg3 Nb1) 53. Kxh3 Nxe5 54. Nxe5 Kxe5 $11 {KP-KP} 55. Kg3 Kd4 56. Kf3 a5 57. Ke2 Kc3 58. Kd1 Kb2 59. a4 {Precision: White = 58%, Black = 62%.} 1/2-1/2